02162cam a22002775a 45000010009000000050017000090080041000260200018000670400033000850430012001180820019001302450158001492600067003073000027003744900075004015000024004765040041005005051020005416510038015616510048015996530022016477000036016699420008017059990017017139520154017301859978620160302105713.0150501s2016 enk frb 001 0 eng d a9781138909816 aDLCbengcDLCdDLCdEG-ScBUE af------04224a327.6bAFR00aAfrica in global international relations :bemerging approaches to theory and practice /cedited by Paul-Henri Bischoff, Kwesi Aning, and Amitav Acharya. aOxon ;aNew York :bRoutledge / Taylor & Francis Group,c2016. axvii, 180 p. ;c25 cm.0 aRoutledge studies in African politics and international relations ;v9 aIndex : p. 175-180. aIncludes bibliographical references.0 aAfrica in Global International Relations : Emerging Approaches to Theory and Practice : An Introduction / Paul-Henri Bischoff Kwesi Aning and Amitav Acharya -- A Critique of Failing International Relations Theories in African Tests / Ahmed Salem -- Feminist IR and the study of Africa : (still) together on the theoretical margins? / Heidi Hudson -- Disciplining the Developing World? : Perspectives from a South African IR / Candice Moore -- Soft balancing among African weak states : A challenge to Realists International Relations Theory / Leslie Blaauw -- Africa in international relations : agent, bystander or victim? / Jo-Ansie van Wyck -- An Emerging, Established or Receding Normative Agent? : Probing the African Union's Recent Response to and Intervention in Libya / Gerrie Swart -- Africanizing the international and internationalizing Africa : security, war on terror and Mali / Kwesi Aning and Nancy Annan -- Bridging the Gap : The Pan-African School and International Relations Theory / Tim Murithi. 0aAfricaxForeign relations.2BUEsh 0aInternational relationsxPhilosophy.2BUEsh bBUSBOLcMarch20161 aBischoff, Paul,d1954-eeditor. 2ddc c21298d21270 00102ddc40708AlahramaMAINbMAINc1STd2016-03-02ePurchaseg406.00h620l3m2o327.6 AFRp000031827r2025-07-15 00:00:00s2020-10-18v507.20yBB